Tratado que instituye la Comunidad Económica Europea /

Uloženo v:
Podrobná bibliografie
Korporace: Consejo Superior de Investigaciones Científicas, Instituto Francisco de Vitoria
Médium: Text
Vydáno: Madrid: Instituto Francisco de Vitoria
Tagy: Přidat tag
Žádné tagy, Buďte první, kdo vytvoří štítek k tomuto záznamu!

MARC

LEADER 00000 a a2200000 04500
001 25377
003
040
020 |a 84-00-03566-6  
022 |a 84-00-03566-6  
090 |a 181502  
110 |a Consejo Superior de Investigaciones Científicas  
245 |a Tratado que instituye la Comunidad Económica Europea /  |c Consejo Superior de Investigaciones Científicas  
260 |a Madrid:   |b Instituto Francisco de Vitoria  
300 |a 306 p.; vol. 2  
710 |a Instituto Francisco de Vitoria  
999 |c 11531  |d 11531